000 00388cam a22001217a 4500
008 180718b1987 xxu||||| |||| 00| 0 eng d
082 _aAPPPA 86-87 SAM
100 _aSamaratunga, R.H.S.
245 _aPlanning in Sri Lanka: past and present
_cby R.H.S. Samaratunga
260 _aNew Delhi
_bIndian Institute of Public Administration
_c1987
300 _a200p.
650 _aPlanning-Sri Lanka
999 _c501432
_d501432